000 00467nam a2200193 a 4500
001 1756719042084
003 ACL
005 20250901150751.0
008 250901s2006##################000#0#eng##
020 _a9780300114119
082 0 4 _a779.2
_bBAR
100 1 _aBussard, Katherine A.,
_eauthor.
245 1 0 _aSo the Story Goes :
260 _bArt Inst of Chicago,
_c2006.
300 _a128 pages
650 0 _aArt.
942 _cENGLISH
040 _aACL
_beng
_cACL
999 _c584836
_d584836